Database management systems (Record no. 488)

000 -LEADER
fixed length control field 00537nam a22002177a 4500
001 - CONTROL NUMBER
control field 488
003 - CONTROL NUMBER IDENTIFIER
control field BD-DhUET
008 - FIXED-LENGTH DATA ELEMENTS--GENERAL INFORMATION
fixed length control field 140722b xxu||||| |||| 00| 0 eng d
020 ## - INTERNATIONAL STANDARD BOOK NUMBER
International Standard Book Number 0072465638
040 ## - CATALOGING SOURCE
Transcribing agency 0
Modifying agency BD-DhUET
082 ## - DEWEY DECIMAL CLASSIFICATION NUMBER
Classification number 005.74
Item number RAM/2003
100 ## - MAIN ENTRY--PERSONAL NAME
Personal name Ramakrishnan, Raghu
245 ## - TITLE STATEMENT
Title Database management systems
250 ## - EDITION STATEMENT
Edition statement 3rd ed.
260 ## - PUBLICATION, DISTRIBUTION, ETC. (IMPRINT)
Place of publication, distribution, etc. Boston
Name of publisher, distributor, etc. McGraw-Hill
Date of publication, distribution, etc. 2003
300 ## - PHYSICAL DESCRIPTION
Extent xxxii,1065p.
504 ## - BIBLIOGRAPHY, ETC. NOTE
Bibliography, etc Includes bibliographies
650 #0 - SUBJECT ADDED ENTRY--TOPICAL TERM
Topical term or geographic name as entry element Database management
700 ## - ADDED ENTRY--PERSONAL NAME
Personal name Gehrke, Jahannes
942 ## - ADDED ENTRY ELEMENTS (KOHA)
Koha item type General Book
Holdings
Koha full call number Withdrawn status Source of classification or shelving scheme Shelving location Koha date last seen Lost status Copy number Sublocation or collection (holding branch) Koha normalized classification for sorting Damaged status Price effective from Piece designation (barcode) Location (home branch) Koha item type Not for loan Date acquired
005.74/RAM/2003  Circulation section2014-07-22 1Central Library, BUET005_740000000000000_RAM_2003 2014-07-22110619Central Library, BUETGeneral Book 2014-07-22
005.74/RAM/2003  Circulation section2014-10-20 2Central Library, BUET005_740000000000000_RAM_2003 2014-10-20107132Central Library, BUETGeneral Book 2014-10-20
005.74/RAM/2003  Reading section2015-06-06 3Central Library, BUET005_740000000000000_RAM_2003 2015-06-06102553Central Library, BUETReading Item 2015-06-06
005.74/RAM/2003  Reading section2015-06-09 4Central Library, BUET005_740000000000000_RAM_2003 2015-06-09102171Central Library, BUETReading Item 2015-06-09
005.74/RAM/2003  Circulation section2017-03-22 5Central Library, BUET005_740000000000000_RAM_2003 2017-03-22107131Central Library, BUETGeneral Book 2009-05-16